00685nas a2200217Ia 4500001001100000003000900011008004100020040001300061040001300074041001300087100004700100210001100147222001100158245007900169250001100248260002600259501008600285300001700371362004300388650003600431R008/G2197IT-RoPAU151124c99999999xx |||||||||||| ||und|| aIT-RoPAU cIT-RoPAU aITALIANO aGandini LeonardogCodice Aut. SPICS: 21334 aGARAGE aGarage aGARAGE, ANNO 06-N.15 (1998): BRIAN DE PALMAbSpazi, Ambienti E Personaggio a1a ed. aTORINObPARAVIAc1999 bPaulus - SPICS - Società San Paolo EM (non-commercial uses only)cCopyright2015 a5 p. [73-77] aANNO 006, N.15 (1998): BRIAN. DE PALMA aCINEMAvPUBBLICAZIONE PERIODICA